Raphaël (Record no. 77817)
[ view plain ]
| 000 -LEADER | |
|---|---|
| campo de control de longitud fija | 00666nam a2200217 i 4500 |
| 001 - NÚMERO DE CONTROL | |
| campo de control | 77817 |
| 003 - IDENTIFICADOR DE NÚMERO DE CONTROL | |
| campo de control | ES-MaACL |
| 005 - FECHA Y HORA DE LA ÚLTIMA TRANSACCIÓN | |
| campo de control | 20250718094825.0 |
| 007 - CAMPO FIJO DE DESCRIPCIÓN FÍSICA--INFORMACIÓN GENERAL | |
| campo de control de longitud fija | t| |
| 008 - DATOS DE LONGITUD FIJA--INFORMACIÓN GENERAL | |
| campo de control de longitud fija | 041110s2001 it ||||1| fre d |
| 020 ## - NÚMERO INTERNACIONAL ESTÁNDAR DEL LIBRO | |
| Número Internacional Estándar del Libro | 88-8491-150-8 |
| 080 ## - NÚMERO DE LA CLASIFICACIÓN DECIMAL UNIVERSAL | |
| Número de la Clasificación Decimal Universal | 75 Rafaello (083.824) |
| 245 00 - MENCIÓN DEL TÍTULO | |
| Título | Raphaël |
| Resto del título | : grâce et beauté : [10 octobre 2001-27 janvier 2002] Musée du Luxembourg. |
| 260 ## - PUBLICACIÓN, DISTRIBUCIÓN, ETC. | |
| Lugar de publicación, distribución, etc. | [Milano] : |
| Nombre del editor, distribuidor, etc. | Skira, |
| Fecha de publicación, distribución, etc. | [2001] |
| 300 ## - DESCRIPCIÓN FÍSICA | |
| Extensión | 190 p. : |
| Otras características físicas | il. ; |
| Dimensiones | 28 cm. |
| 600 04 - PUNTO DE ACCESO ADICIONAL DE MATERIA--NOMBRE DE PERSONA | |
| Nombre de persona | Raffaello, |
| Fechas asociadas al nombre | 1483-1520- |
| Subdivisión de forma | Exposiciones |
| 9 (RLIN) | 94964 |
| 655 #7 - TERMINO DE INDIZACIÓN--GENERO/FORMA | |
| Fuente del término | tgfbne |
| 9 (RLIN) | 193628 |
| Datos o término principal de género/forma | Catálogos de exposiciones |
| 852 ## - LOCALIZACIÓN | |
| Ubicación | ES-MaACL |
| Número de control de estantería | L-28404 |
| Sublocalización o colección | R.134526 |
| 942 ## - ELEMENTOS DE ENTRADA SECUNDARIOS (KOHA) | |
| Fuente del sistema de clasificación o colocación | Clasificación decimal universal |
| Estatus retirado | Estado de pérdida | Estado de daño | No para préstamo | Biblioteca de origen | Biblioteca actual | Ubicación en estantería | Fecha de adquisición | Fuente de adquisición | Total de préstamos | Signatura topográfica completa | Código de barras | Visto por última vez | Precio de reemplazo | Tipo de ítem Koha |
|---|---|---|---|---|---|---|---|---|---|---|---|---|---|---|
| Biblioteca del Ateneo de Madrid | Biblioteca del Ateneo de Madrid | Depósito 2 | 17/01/2008 | L-28404 | 1081412 | 23/02/2023 | 23/02/2023 | Libro impreso |
